[Event "CUPA GALACIUC 2008"]
[Site "?"]
[Date "2008.06.06"]
[Round "3.1"]
[White "Ciobanu, Viorel Adrian"]
[Black "Daianu, Cristian Clement"]
[Result "1-0"]
[WhiteElo "1273"]
[BlackElo "1228"]
[PlyCount "73"]
[EventDate "2008.06.06"]

1. e4 c5 2. Nf3 d6 3. d4 cxd4 4. Nxd4 Nf6 5. Nc3 a6 6. Be2 e6 7. O-O Be7 8. f4
Qc7 9. a4 Nc6 10. Be3 O-O 11. Kh1 b6 12. Nxc6 Qxc6 13. Bf3 Bb7 14. e5 Nd5 15.
Nxd5 exd5 16. c4 dxe5 17. cxd5 Qd6 18. fxe5 Qxe5 19. Bxb6 Bd6 20. Bg1 Rad8 21.
Re1 Qg5 22. Qd4 Qh6 23. b4 Rc8 24. b5 axb5 25. axb5 Rc2 26. Ra7 Bc8 27. b6 Rd2
28. Qc3 Bf5 29. b7 Rd3 30. Qb2 Qf4 31. Ra8 Bb8 32. Rxb8 Rxb8 33. Qb5 h6 34.
Re8+ Kh7 35. d6 Rxf3 36. Rxb8 Be4 37. Re8 1-0

[Event "CUPA GALACIUC 2008"]
[Site "?"]
[Date "2008.06.06"]
[Round "7.1"]
[White "Ciobanu, Viorel Adrian"]
[Black "Enoiu, Alexandru-Ionut"]
[Result "1/2-1/2"]
[WhiteElo "1273"]
[BlackElo "1156"]
[PlyCount "20"]
[EventDate "2008.06.06"]

1. e4 c5 2. Nf3 d6 3. d4 cxd4 4. Nxd4 Nf6 5. Nc3 g6 6. Be2 Bg7 7. O-O O-O 8.
Nb3 Nc6 9. Re1 a5 10. a4 Be6 1/2-1/2

[Event "CUPA GALACIUC 2008"]
[Site "?"]
[Date "2008.06.06"]
[Round "5.1"]
[White "Ciobanu, Viorel Adrian"]
[Black "Sandru, FANEL."]
[Result "1-0"]
[WhiteElo "1273"]
[BlackElo "660"]
[PlyCount "75"]
[EventDate "2008.06.06"]

1. e4 c6 2. d4 d5 3. Nc3 dxe4 4. Nxe4 Nf6 5. Ng3 h5 6. h4 Bg4 7. Nf3 e6 8. Bd3
Bd6 9. Bg5 Nbd7 10. Ne4 Be7 11. Qd2 Bxf3 12. gxf3 Nxe4 13. fxe4 Bxg5 14. hxg5
g6 15. O-O-O Qb6 16. Bf1 O-O-O 17. Rh3 Rhf8 18. Rb3 Qc7 19. Bh3 Kb8 20. Qe3 Nb6
21. f4 Rd6 22. Rbd3 Rfd8 23. b3 Nc8 24. Kb1 Ne7 25. c4 c5 26. d5 exd5 27. cxd5
c4 28. Rc3 b5 29. Bg2 Qa5 30. bxc4 bxc4 31. Rd2 Rb6+ 32. Rb2 Rxb2+ 33. Kxb2
Qb4+ 34. Ka1 Nc8 35. Rc1 Nb6 36. e5 Rc8 37. d6 Qc5 38. Qe4 1-0

[Event "CUPA GALACIUC 2008"]
[Site "?"]
[Date "2008.06.06"]
[Round "4.1"]
[White "Gilea, Lucian"]
[Black "Ciobanu, Viorel Adrian"]
[Result "1/2-1/2"]
[WhiteElo "1291"]
[BlackElo "1273"]
[PlyCount "57"]
[EventDate "2008.06.06"]

1. d4 d5 2. Nf3 Nf6 3. g3 e6 4. Bg2 Be7 5. O-O O-O 6. b3 c5 7. Bb2 Nc6 8. Nbd2
Bd7 9. c4 Rc8 10. Rc1 cxd4 11. Nxd4 Qb6 12. Nxc6 Bxc6 13. cxd5 Bxd5 14. e4 Bc6
15. e5 Nd5 16. Ne4 Bb5 17. Re1 Rxc1 18. Qxc1 Nb4 19. Rd1 Nd3 20. Qb1 Nxb2 21.
Qxb2 Rd8 22. Qc2 Rxd1+ 23. Qxd1 Bc6 24. h4 Qa5 25. Qa1 Bxe4 26. Bxe4 b6 27. Qc1
g6 28. Kg2 Qd5 29. Qc2 1/2-1/2

[Event "CUPA GALACIUC 2008"]
[Site "?"]
[Date "2008.06.06"]
[Round "6.1"]
[White "Lupu, Ovidiu-Jean"]
[Black "Ciobanu, Viorel Adrian"]
[Result "1/2-1/2"]
[WhiteElo "1096"]
[BlackElo "1273"]
[PlyCount "39"]
[EventDate "2008.06.06"]

1. Nf3 d5 2. d4 e6 3. Bf4 Nf6 4. Nbd2 Be7 5. e3 O-O 6. g3 c5 7. c3 Ne4 8. Nxe4
dxe4 9. Nd2 cxd4 10. cxd4 Nc6 11. Bb5 Qb6 12. Bxc6 bxc6 13. Qc2 Ba6 14. Nxe4
Qa5+ 15. Nc3 c5 16. Qa4 Qxa4 17. Nxa4 cxd4 18. exd4 Rac8 19. Nc3 Bb4 20. O-O-O
1/2-1/2

[Event "CUPA GALACIUC 2008"]
[Site "?"]
[Date "2008.06.06"]
[Round "2.2"]
[White "Tufa, Mihai"]
[Black "Ciobanu, Viorel Adrian"]
[Result "0-1"]
[WhiteElo "1094"]
[BlackElo "1273"]
[PlyCount "98"]
[EventDate "2008.06.06"]

1. e4 e5 2. Nf3 Nc6 3. Bb5 a6 4. Bxc6 dxc6 5. Nxe5 Qd4 6. Nf3 Qxe4+ 7. Qe2
Qxe2+ 8. Kxe2 Bg4 9. h3 Bh5 10. g4 Bg6 11. d3 f6 12. Nc3 O-O-O 13. Be3 Ne7 14.
b4 Nd5 15. Nxd5 Rxd5 16. a3 Bf7 17. c4 Rd7 18. Rhc1 Be7 19. Bc5 Bxc5 20. bxc5
Re8+ 21. Kd2 Bg6 22. Rc3 Red8 23. Ne1 Re7 24. Nf3 b6 25. cxb6 cxb6 26. Re1 Rxe1
27. Nxe1 c5 28. f3 Kc7 29. f4 h5 30. f5 Be8 31. Ng2 Rd4 32. Ne3 hxg4 33. hxg4
Bc6 34. Ke2 Rd8 35. Rc1 Rh8 36. Rf1 Kd6 37. Rf2 Ke5 38. g5 Rh4 39. gxf6 gxf6
40. Kd2 Kd6 41. Kc3 b5 42. Rf1 Rh3 43. Ng4 bxc4 44. Nxf6 Rxd3+ 45. Kb2 Ke5 46.
Ng4+ Kd4 47. Rf4+ Be4 48. Rxe4+ Kxe4 49. Nf2+ Ke3 0-1

[Event "Finala CNI 2008"]
[Site "?"]
[Date "2008.03.01"]
[Round "8.12"]
[White "Nanu, Ciprian-Costica"]
[Black "Ciobanu, Viorel Adrian"]
[Result "1-0"]
[WhiteElo "2527"]
[BlackElo "2247"]
[PlyCount "109"]
[EventDate "2008.??.??"]

1. d4 Nf6 2. Nf3 g6 3. g3 Bg7 4. Bg2 O-O 5. O-O d6 6. c4 Nbd7 7. Qc2 e5 8. Rd1
Qe7 9. Nc3 c6 10. b3 Re8 11. e3 Nf8 12. d5 c5 13. e4 Bd7 14. Rb1 Reb8 15. b4 b6
16. Ne1 h5 17. Nf3 N6h7 18. Bd2 f5 19. bxc5 bxc5 20. exf5 gxf5 21. Nh4 e4 22.
Bh3 Ng5 23. Bxf5 Nf3+ 24. Nxf3 Bxf5 25. Nh4 Bh7 26. Be3 Nd7 27. Rxb8+ Rxb8 28.
Rb1 Rb6 29. Rxb6 axb6 30. Nb1 Ne5 31. Nd2 Bf6 32. Ng2 Nf3+ 33. Kh1 Bd4 34. Qd1
Bf5 35. Nxf3 exf3 36. Qxf3 Qe4 37. Qxe4 Bxe4 38. Kg1 Bd3 39. Bxd4 cxd4 40. f3
Bxc4 41. a3 d3 42. Kf2 d2 43. Ne3 Kf7 44. Nd1 Kf6 45. Ke3 Bxd5 46. f4 Kf5 47.
Kxd2 Bf7 48. Ke3 Bd5 49. Nf2 Bc6 50. h3 Ke6 51. Ne4 Ba8 52. Kd4 Bc6 53. g4 hxg4
54. hxg4 Ke7 55. f5 1-0

[Event "Finala CNI 2008"]
[Site "Cluj Napoca - ROMANIA"]
[Date "2008.02.25"]
[Round "1.5"]
[White "Ciobanu, Viorel Adrian"]
[Black "Jianu, Vlad Cristian"]
[Result "0-1"]
[WhiteElo "2247"]
[BlackElo "2530"]
[PlyCount "66"]
[EventDate "2008.??.??"]

1. e4 c5 2. Nf3 d6 3. d4 cxd4 4. Nxd4 Nf6 5. Nc3 g6 6. Be2 Bg7 7. O-O O-O 8.
Nb3 Nc6 9. Re1 Be6 10. Bf1 Rc8 11. Nd5 Ne5 12. Bg5 Nxd5 13. exd5 Bg4 14. f3 Bf5
15. c3 Re8 16. Nd4 Bd7 17. Qb3 b5 18. Kh1 h6 19. Bh4 a6 20. Rad1 Qc7 21. h3 Qc5
22. f4 Nc4 23. Bxe7 Qxd5 24. Ne6 Qxe6 25. Rxe6 Bxe6 26. f5 gxf5 27. Bh4 Ne3 28.
c4 Bxc4 29. Bxc4 bxc4 30. Qa4 Nxd1 31. Qxd1 Bxb2 32. Qf3 Bg7 33. Qg3 Re6 0-1

[Event "CUPA GALACIUC 2008"]
[Site "?"]
[Date "2008.??.??"]
[Round "1.2"]
[White "Ciobanu, Viorel Adrian"]
[Black "Bratu, Gheorghe"]
[Result "1-0"]
[WhiteElo "1273"]
[BlackElo "967"]
[PlyCount "71"]
[EventDate "2008.06.06"]

1. e4 e5 2. f4 Bc5 3. Nf3 d6 4. Bc4 Nc6 5. d3 Nf6 6. Nc3 Bg4 7. Na4 Bb6 8. Nxb6
axb6 9. h3 Bxf3 10. Qxf3 Nd4 11. Qf2 b5 12. Bb3 Nxb3 13. cxb3 O-O 14. O-O Nd7
15. Be3 f6 16. b4 Qe7 17. a3 c6 18. f5 Qf7 19. Rac1 d5 20. Kh2 d4 21. Bd2 Qb3
22. Qe2 Qxb2 23. Rf3 Rf7 24. g4 Rxa3 25. Rg1 Ra2 26. Rg2 b6 27. Rfg3 c5 28. g5
c4 29. Qh5 c3 30. g6 hxg6 31. fxg6 Kf8 32. gxf7 Ke7 33. Qh8 Kxf7 34. Rxg7+ Ke6
35. Qe8+ Kd6 36. Qxd7# 1-0

[Event "Grand Prix Open"]
[Site "Galatzi ROM"]
[Date "2007.05.11"]
[Round "4"]
[White "Gleizerov, Evgeny"]
[Black "Ciobanu, Viorel Adrian"]
[Result "1-0"]
[WhiteElo "2570"]
[BlackElo "2235"]
[PlyCount "71"]
[EventDate "2007.05.08"]

1. d4 Nf6 2. c4 g6 3. Nc3 Bg7 4. e4 d6 5. Nf3 O-O 6. Be2 e5 7. O-O Nc6 8. d5
Ne7 9. Nd2 Ne8 10. b4 f5 11. c5 Kh8 12. a4 Ng8 13. f3 f4 14. Nc4 h5 15. Ba3 g5
16. b5 Rf6 17. b6 axb6 18. cxb6 cxb6 19. Rb1 Ra6 20. Qb3 b5 21. Qxb5 g4 22. Nb6
Nc7 23. Qb3 Rxb6 24. Qxb6 Rg6 25. fxg4 hxg4 26. g3 Qe7 27. Nb5 Nxb5 28. Bxb5
fxg3 29. hxg3 Bh6 30. Rb2 Bd7 31. Rh2 Bxb5 32. axb5 Kg7 33. Bc1 Bxc1 34. Rxc1
Qg5 35. Rc3 Qf6 36. Rc7+ 1-0

[Event "Grand Prix Open"]
[Site "Galatzi ROM"]
[Date "2007.05.09"]
[Round "2"]
[White "Nanu, Ciprian-Costica"]
[Black "Ciobanu, Viorel Adrian"]
[Result "1-0"]
[WhiteElo "2509"]
[BlackElo "2235"]
[PlyCount "97"]
[EventDate "2007.05.08"]

1. d4 Nf6 2. Nf3 g6 3. Nbd2 Bg7 4. e4 d6 5. Bd3 O-O 6. O-O Nc6 7. c3 e5 8. dxe5
dxe5 9. Nc4 Nh5 10. Re1 h6 11. Bf1 Be6 12. a4 Re8 13. Qxd8 Raxd8 14. b4 Nf4 15.
Nb2 g5 16. Be3 Ng6 17. Bc4 Bxc4 18. Nxc4 g4 19. Nfd2 Nd4 20. Ra2 b6 21. Nf1 Ne6
22. Ng3 Rd3 23. Rc2 Kh7 24. Nf5 Bf8 25. g3 Red8 26. Kf1 f6 27. Ke2 R3d7 28. Rh1
Ng5 29. Bxg5 hxg5 30. Nce3 Ne7 31. Nxg4 Kg6 32. Nfe3 c6 33. Nc4 Bg7 34. Nge3 f5
35. exf5+ Nxf5 36. Nxf5 Kxf5 37. h4 gxh4 38. Rxh4 Rh8 39. Ne3+ Ke6 40. Rxh8
Bxh8 41. Kf3 Rh7 42. Rd2 e4+ 43. Kxe4 Bxc3 44. Rc2 Bxb4 45. Rxc6+ Kd7 46. Rg6
Bc5 47. Ng4 Kc7 48. f4 Kb7 49. Ne5 1-0

[Event "Nat Ind Ch Man"]
[Site "Geoagiu-Bai"]
[Date "2006.12.06"]
[Round "10"]
[White "Pessi, Emil George"]
[Black "Ciobanu, Viorel Adrian"]
[Result "0-1"]
[WhiteElo "2325"]
[BlackElo "2209"]
[PlyCount "72"]
[EventDate "2006.??.??"]

1. e4 e5 2. d4 exd4 3. c3 dxc3 4. Bc4 Nc6 5. Nf3 d6 6. Nxc3 Nf6 7. Qb3 Qd7 8.
Bg5 Na5 9. Qb5 Nxc4 10. Qxc4 c6 11. Nd4 Be7 12. Nf5 O-O 13. O-O-O Qd8 14. Nxe7+
Qxe7 15. Qd4 Be6 16. f4 Rad8 17. Qxa7 h6 18. Bh4 Bg4 19. Rde1 g5 20. fxg5 Nh7
21. g6 Qxh4 22. gxh7+ Kxh7 23. Rhf1 Be6 24. Qe3 Rg8 25. g3 Qg5 26. Rf4 b5 27.
a3 Rb8 28. e5 d5 29. Ref1 b4 30. h4 Qg7 31. axb4 Ra8 32. Rf6 Ra1+ 33. Nb1 Rb8
34. Qd2 Kg8 35. Qf4 Qh7 36. Kd2 Rxb1 0-1

[Event "Campionato Rumeno Open"]
[Site "?"]
[Date "2006.12.04"]
[Round "?"]
[White "Toma Andreica, Alin"]
[Black "Ciobanu, Viorel Adrian"]
[Result "1-0"]
[WhiteElo "2256"]
[BlackElo "2209"]
[PlyCount "69"]
[EventDate "2006.??.??"]

1. e4 e5 2. Nf3 Nc6 3. Bc4 Nf6 4. Ng5 d5 5. exd5 Na5 6. Bb5+ c6 7. dxc6 bxc6 8.
Be2 h6 9. Nf3 e4 10. Ne5 Qd4 11. f4 Bc5 12. Rf1 Qd8 13. c3 Bb6 14. b4 Nd5 15.
bxa5 Qh4+ 16. g3 Qxh2 17. axb6 Qxg3+ 18. Rf2 Nxf4 19. b7 Nh3 20. bxc8=Q+ Rxc8
21. Qb3 Qxf2+ 22. Kd1 O-O 23. Bg4 Qf1+ 24. Kc2 Rb8 25. Qc4 Qxc4 26. Nxc4 Nf2
27. Bd7 h5 28. Ba3 Rfd8 29. Bd6 Rxb1 30. Rxb1 Rxd7 31. a4 g5 32. Be5 h4 33. Bf6
h3 34. Rb8+ Kh7 35. Ne5 1-0

[Event "Campionato rumeno open 2006"]
[Site "Predeal ROM"]
[Date "2006.12.03"]
[Round "7"]
[White "Ciobanu, Viorel Adrian"]
[Black "Manea, Alexandru"]
[Result "1/2-1/2"]
[WhiteElo "2209"]
[BlackElo "2376"]
[PlyCount "48"]
[EventDate "2006.11.27"]

1. e4 c5 2. Nc3 Nc6 3. g3 g6 4. Bg2 Bg7 5. d3 Rb8 6. Be3 d6 7. f4 Nd4 8. Nf3 b5
9. Qd2 Bg4 10. O-O b4 11. Nd1 Nxf3+ 12. Bxf3 Bxf3 13. Rxf3 Nf6 14. Nf2 Qd7 15.
f5 Qa4 16. e5 Nd7 17. f6 exf6 18. exf6 Nxf6 19. Bh6 O-O 20. Bxg7 Kxg7 21. Rxf6
Kxf6 22. Ng4+ Ke7 23. Re1+ Kd7 24. Nf6+ Kc8 1/2-1/2

[Event "Campionato rumeno open 2006"]
[Site "Predeal ROM"]
[Date "2006.12.02"]
[Round "6"]
[White "Grunberg, Mihai Lucian"]
[Black "Ciobanu, Viorel Adrian"]
[Result "1-0"]
[WhiteElo "2414"]
[BlackElo "2209"]
[PlyCount "67"]
[EventDate "2006.11.27"]

1. Nf3 Nf6 2. c4 g6 3. g3 Bg7 4. Bg2 O-O 5. d4 d6 6. Nc3 Nbd7 7. O-O e5 8. e4
c6 9. b3 Re8 10. h3 exd4 11. Nxd4 Nc5 12. Re1 Qa5 13. Bb2 Ne6 14. Nxe6 Bxe6 15.
Rc1 Rad8 16. Rc2 Nd7 17. Ne2 Bxb2 18. Rxb2 d5 19. exd5 cxd5 20. cxd5 Bxd5 21.
Bxd5 Nf6 22. Bxf7+ Kxf7 23. Qc1 Re4 24. Nc3 Red4 25. Rbe2 R8d7 26. Ne4 Nxe4 27.
Rxe4 Rxe4 28. Rxe4 Qd2 29. Rf4+ Ke7 30. Qc5+ Qd6 31. Qe3+ Kd8 32. Qxa7 Qd1+ 33.
Kh2 Ke7 34. Qe3+ 1-0

[Event "Campionato Rumeno Open"]
[Site "?"]
[Date "2006.12.01"]
[Round "?"]
[White "Ciobanu, Viorel Adrian"]
[Black "Munteanu, Gavril Dorel"]
[Result "1-0"]
[WhiteElo "2209"]
[BlackElo "2085"]
[PlyCount "83"]
[EventDate "2006.??.??"]

1. e4 e5 2. f4 d5 3. exd5 e4 4. Bb5+ Bd7 5. Bxd7+ Nxd7 6. Nc3 Ngf6 7. Nge2 Bc5
8. d4 exd3 9. Qxd3 O-O 10. Be3 Re8 11. Bxc5 Nxc5 12. Qf3 c6 13. O-O-O cxd5 14.
Nxd5 Nxd5 15. Rxd5 Qb6 16. Nc3 Re3 17. Qd1 Rae8 18. Qd4 Ne4 19. Qxb6 axb6 20.
Nxe4 R3xe4 21. g3 Re2 22. Rd2 h5 23. c3 Kh7 24. Rf1 Kg6 25. Rf2 Rxf2 26. Rxf2
Kf5 27. Kc2 h4 28. gxh4 Re4 29. Rg2 Kf6 30. Rg4 Re2+ 31. Kb3 Rxh2 32. a4 g6 33.
Rg5 Rxh4 34. Rb5 Rxf4 35. Rxb6+ Ke5 36. Rxb7 Kd6 37. a5 Rf1 38. Ka2 Rd1 39. b4
Rd2+ 40. Kb3 Rd1 41. a6 Ra1 42. a7 1-0

[Event "Campionato rumeno open 2006"]
[Site "Predeal ROM"]
[Date "2006.11.30"]
[Round "4"]
[White "Moldovan , Daniel"]
[Black "Ciobanu, Viorel Adrian"]
[Result "1-0"]
[WhiteElo "2450"]
[BlackElo "2209"]
[PlyCount "108"]
[EventDate "2006.11.27"]

1. e4 e5 2. Nf3 Nc6 3. Bb5 a6 4. Ba4 Nf6 5. O-O b5 6. Bb3 Be7 7. Re1 d6 8. c3
O-O 9. h3 Na5 10. Bc2 c5 11. d3 h6 12. Nbd2 Re8 13. Nf1 Bf8 14. Ng3 d5 15. Qe2
Bb7 16. Bd2 Qb6 17. Qf1 d4 18. cxd4 cxd4 19. Rec1 Nc6 20. Qe1 a5 21. a4 b4 22.
Bb3 Ba6 23. Bc4 Nd7 24. Qd1 Nc5 25. Ne1 b3 26. Nf5 Bxc4 27. Rxc4 Re6 28. Nh4
Nb4 29. Bxb4 axb4 30. Nhf3 Nxa4 31. Qxb3 Nc5 32. Qd1 Rxa1 33. Qxa1 Qb8 34. Qa5
Ra6 35. Rxb4 Qa8 36. Qb5 Ra1 37. Kh2 Nxe4 38. dxe4 Bxb4 39. Qxb4 Qxe4 40. Qd2
Rb1 41. Nd3 f6 42. Qc2 Ra1 43. Nd2 Qe2 44. Qc8+ Kh7 45. Qf5+ Kh8 46. Nb3 Ra8
47. Nbc5 Qc2 48. f4 exf4 49. Qxf4 Rd8 50. Qg4 Qc4 51. Ne6 Rg8 52. Ndf4 Qb4 53.
Ng6+ Kh7 54. Qf5 Qd6+ 1-0

[Event "Championship"]
[Site "?"]
[Date "2006.11.27"]
[Round "?"]
[White "Ciobanu, Viorel Adrian"]
[Black "Murariu, Andrei"]
[Result "0-1"]
[WhiteElo "2209"]
[BlackElo "2516"]
[PlyCount "80"]
[EventDate "2006.??.??"]

1. e4 c5 2. Nc3 Nc6 3. g3 g6 4. Bg2 Bg7 5. f4 d6 6. d3 e6 7. Nf3 Nge7 8. O-O
O-O 9. Bd2 Rb8 10. Rb1 b5 11. a3 a5 12. Ne2 b4 13. axb4 axb4 14. Kh1 Ba6 15. b3
f5 16. Re1 Qd7 17. Neg1 Rbe8 18. Nh3 Bb7 19. Bc1 e5 20. Bb2 Nd4 21. Bxd4 exd4
22. e5 Nd5 23. e6 Rxe6 24. Rxe6 Qxe6 25. Nfg5 Qd7 26. Bxd5+ Bxd5+ 27. Kg1 Re8
28. Kf1 Bf6 29. Nf3 h6 30. Nd2 Bb7 31. Ng1 g5 32. Qh5 Qc6 33. Ngf3 Kg7 34. fxg5
Bxg5 35. Re1 Bxd2 36. Rxe8 Qxf3+ 37. Qxf3 Bxf3 38. Re7+ Kf6 39. Ra7 Bd1 40. Ra2
Ke5 0-1

[Event "It (Open) Galati ROM"]
[Site "?"]
[Date "2006.04.26"]
[Round "1"]
[White "Vajda , Albert (MI)"]
[Black "Ciobanu, Viorel Adrian"]
[Result "1-0"]
[WhiteElo "2472"]
[BlackElo "2203"]
[PlyCount "57"]
[EventDate "2006.??.??"]

1. d4 Nf6 2. c4 g6 3. Nc3 Bg7 4. e4 d6 5. Nf3 O-O 6. Be2 Nbd7 7. O-O e5 8. Be3
Re8 9. d5 Kh8 10. b4 h6 11. Nd2 b6 12. a4 Ng8 13. a5 Rb8 14. Nb5 f5 15. f3 a6
16. Na7 Qf6 17. axb6 cxb6 18. Nxc8 Rexc8 19. Rxa6 f4 20. Bf2 Qd8 21. Qa4 Bf8
22. Nb1 Rb7 23. Nc3 g5 24. Ra1 Be7 25. Nb5 Ndf6 26. Na7 b5 27. Qa5 bxc4 28.
Qxd8 Rxd8 29. Nc6 1-0

[Event "Romanian Teams Championship -B"]
[Site "?"]
[Date "2005.05.22"]
[Round "2.1"]
[White "Ciobanu, Viorel Adrian"]
[Black "Nita, Lucian"]
[Result "0-1"]
[WhiteElo "2164"]
[BlackElo "2209"]
[PlyCount "62"]

1. Nf3 Nf6 2. g3 g6 3. Bg2 Bg7 4. O-O c5 5. d3 d5 6. Nbd2 Nc6 7. e4 dxe4 8.
dxe4 O-O 9. c3 Qc7 10. Re1 Ng4 11. Nc4 b5 12. Ne3 Nxe3 13. Bxe3 Na5 14. Qd5 Nb7
15. e5 Be6 16. Qe4 Rad8 17. Qh4 f6 18. a4 a6 19. axb5 axb5 20. Bh6 Bd5 21. Rad1
Bc6 22. Bxg7 Kxg7 23. exf6+ exf6 24. b4 Rxd1 25. Rxd1 Rd8 26. Re1 Rd3 27. Re3
Rxe3 28. fxe3 Qd7 29. Qf4 Qd1+ 30. Kf2 Nd6 31. Ne1 g5 0-1

[Event "?"]
[Site "?"]
[Date "2005.??.??"]
[Round "?"]
[White "Ciobanu, Viorel Adrian"]
[Black "Blajan, Dorin"]
[Result "1-0"]
[WhiteElo "2164"]
[BlackElo "1955"]
[PlyCount "117"]
[EventDate "2005.??.??"]

1. Nf3 d5 2. g3 c6 3. Bg2 e6 4. O-O Be7 5. d3 f5 6. Nbd2 Nf6 7. b3 O-O 8. Bb2
Bd7 9. c4 Be8 10. Qc2 Bh5 11. Rae1 Bxf3 12. Bxf3 d4 13. e3 e5 14. exd4 exd4 15.
c5 Na6 16. Qc4+ Nd5 17. Bxd4 Kh8 18. Bxd5 cxd5 19. Qc3 Rf7 20. b4 b6 21. Re2
Rc8 22. Nb3 Qf8 23. Rc1 f4 24. gxf4 Rxf4 25. Bxg7+ Qxg7+ 26. Qxg7+ Kxg7 27.
Rxe7+ Rf7 28. Rxf7+ Kxf7 29. cxb6 Rg8+ 30. Kf1 axb6 31. a3 Rg6 32. Rc8 Ke7 33.
b5 Kd7 34. Rh8 Nc7 35. Rxh7+ Kd6 36. a4 Rg4 37. d4 Ne6 38. Rb7 Nxd4 39. Nxd4
Rxd4 40. Rxb6+ Kc7 41. Ra6 Kb7 42. Kg2 Rb4 43. Rd6 d4 44. a5 Rxb5 45. Rxd4 Rxa5
46. f4 Kc6 47. Kg3 Ra1 48. Kg4 Rg1+ 49. Kf5 Rh1 50. Rd2 Rf1 51. Kg5 Kc7 52. f5
Rg1+ 53. Kf6 Rf1 54. Kg6 Rg1+ 55. Kf7 Rf1 56. f6 Rh1 57. Kf8 Rf1 58. f7 Rh1 59.
Rg2 1-0

[Event "Revolution Mem"]
[Site "Bucharest"]
[Date "2004.12.16"]
[Round "2"]
[White "Ciobanu, Viorel Adrian"]
[Black "Dinu, Dumitru Daniel"]
[Result "0-1"]
[WhiteElo "2157"]
[BlackElo "2315"]
[PlyCount "138"]
[EventDate "2004.12.15"]
[EventType "swiss"]
[EventRounds "9"]
[EventCountry "ROM"]
[Source "Roberto Alvarez"]
[SourceDate "2005.01.12"]

1. e4 c5 2. Nf3 e6 3. d4 cxd4 4. Nxd4 Nf6 5. Nc3 d6 6. Be2 a6 7. O-O Be7 8. Be3
O-O 9. a4 b6 10. f4 Qc7 11. Bf3 Bb7 12. Qe2 Nbd7 13. Bf2 Rfe8 14. Nb3 Rac8 15.
Rfd1 Qb8 16. g4 Red8 17. g5 Ne8 18. Bg2 Qa8 19. Rd3 g6 20. Rh3 Ng7 21. Be3 Nc5
22. Nxc5 bxc5 23. Rf1 Re8 24. Qg4 Rcd8 25. Bc1 f5 26. gxf6 Bxf6 27. Re1 d5 28.
e5 Be7 29. Ne2 d4 30. Bxb7 Qxb7 31. Ng3 c4 32. Ne4 d3 33. Qg2 Qb6+ 34. Kh1 Nf5
35. c3 Rf8 36. Nd2 Rc8 37. Qe4 Qc6 38. Qxc6 Rxc6 39. Re4 Rfc8 40. Kg1 Kg7 41.
Kf1 Rc5 42. Ke1 h6 43. Nf1 Ra5 44. b3 cxb3 45. Rxd3 Rac5 46. Bb2 Rc4 47. Rxc4
Rxc4 48. Nd2 Rxa4 49. c4 Bb4 50. Rxb3 Bxd2+ 51. Kxd2 Rxc4 52. Rb7+ Kg8 53. Rb6
Kf7 54. Rxa6 Rxf4 55. Ra7+ Ke8 56. Ba3 Re4 57. Bb2 Rh4 58. Kc2 g5 59. Kb3 Rxh2
60. Bc3 Rh4 61. Bb4 Re4 62. Bc3 g4 63. Ra8+ Kf7 64. Ra7+ Kg6 65. Ra6 Ng7 66.
Kc2 g3 67. Kd3 Rg4 68. Bd4 h5 69. Ra1 h4 0-1

[Event "ROM-chT"]
[Site "?"]
[Date "2002.??.??"]
[Round "?"]
[White "Bogdan , Dan"]
[Black "Ciobanu, Viorel Adrian"]
[Result "1-0"]
[WhiteElo "2374"]
[BlackElo "2261"]
[PlyCount "67"]
[EventDate "2002.??.??"]

1. c4 e5 2. g3 Nf6 3. Bg2 Bc5 4. Nc3 Nc6 5. e3 O-O 6. Nge2 d6 7. O-O Bb6 8. d3
Ne7 9. e4 h6 10. h3 c6 11. d4 exd4 12. Nxd4 Ng6 13. Be3 Re8 14. Re1 Ba5 15. Bd2
Ne5 16. Qe2 Bd7 17. Rad1 Qc7 18. Nb3 Bxc3 19. Bxc3 Be6 20. Nd2 Rad8 21. Qf1 Bc8
22. Rc1 Nfd7 23. b3 Nc5 24. Re3 f5 25. f4 Nf7 26. Rce1 Qb6 27. Kh2 fxe4 28.
Nxe4 Nxe4 29. Bxe4 Bf5 30. Qf3 Bxe4 31. Rxe4 Rxe4 32. Rxe4 d5 33. Re2 dxc4 34.
Qg4 1-0

[Event "ROM-chT"]
[Site "?"]
[Date "2002.??.??"]
[Round "?"]
[White "Ciobanu, Viorel Adrian"]
[Black "Barnaure, Vlad Victor"]
[Result "1-0"]
[WhiteElo "2261"]
[BlackElo "2201"]
[PlyCount "69"]
[EventDate "2002.??.??"]

1. e4 c5 2. Nf3 d6 3. d4 Nf6 4. Nc3 cxd4 5. Nxd4 a6 6. Be2 e5 7. Nb3 Be7 8. O-O
O-O 9. Be3 Be6 10. Bf3 Nbd7 11. Qd2 Nb6 12. Na5 Qc7 13. Bxb6 Qxb6 14. Nd5 Bxd5
15. exd5 Rac8 16. c4 e4 17. Be2 Nd7 18. b4 f5 19. Rab1 Qc7 20. Rfd1 Ne5 21. c5
f4 22. c6 b5 23. f3 exf3 24. Bxf3 Bd8 25. Nb3 Qa7+ 26. Kh1 Bb6 27. Nd4 Bxd4 28.
Qxd4 Qf7 29. Rf1 g5 30. a4 g4 31. Be2 f3 32. gxf3 gxf3 33. Bxf3 Rc7 34. Bg4 Qg6
35. Be6+ 1-0

[Event "R.9 M3 "]
[Site "?"]
[Date "1997.??.??"]
[Round "?"]
[White "Ciobanu, Viorel Adrian"]
[Black "Moraru, Marius"]
[Result "1-0"]
[WhiteElo "2215"]
[BlackElo "2240"]
[PlyCount "85"]
[EventDate "1997.??.??"]

1. e4 c5 2. Nf3 Nc6 3. Bb5 g6 4. Bxc6 bxc6 5. d3 Bg7 6. Nc3 e5 7. O-O Ne7 8.
Be3 d6 9. Qd2 O-O 10. Ne1 f5 11. f4 exf4 12. Bxf4 d5 13. e5 Be6 14. Nf3 d4 15.
Na4 Qd5 16. b3 Nc8 17. Qa5 Nb6 18. Nxc5 Nd7 19. Nb7 Qxa5 20. Nxa5 c5 21. Nc4 h6
22. h4 Nb6 23. Nxb6 axb6 24. a4 Ra7 25. Kf2 Bd5 26. Rae1 Re8 27. Re2 b5 28.
axb5 Rb7 29. Ra1 Rxb5 30. Ra6 Re6 31. Ra7 Rb7 32. Ra8+ Kf7 33. Rd8 Bxf3 34.
Kxf3 Rbe7 35. Rd5 Rc7 36. Re1 Ra6 37. e6+ Rxe6 38. Bxc7 Rxe1 39. Rxc5 Ke6 40.
b4 Rb1 41. b5 Bf8 42. Re5+ Kd7 43. b6 1-0